Online
Catalog

El castillo de Quarras : (Record no. 3611)

MARC details
000 -CABECERA
campo de control de longitud fija 01061cam a2200277 a 4500
001 - NÚMERO DE CONTROL
campo de control 000003789
003 - IDENTIFICADOR DEL NÚMERO DE CONTROL
campo de control DO-SdBNP
005 - FECHA Y HORA DE LA ÚLTIMA TRANSACCIÓN
campo de control 20220721112449.0
007 - CAMPO FIJO DE DESCRIPCIÓN FÍSICA--INFORMACIÓN GENERAL
campo de control de longitud fija ta
008 - DATOS DE LONGITUD FIJA--INFORMACIÓN GENERAL
campo de control de longitud fija 870909s1989 sp a 000 f spa
020 ## - NÚMERO INTERNACIONAL ESTÁNDAR DEL LIBRO
Número Internacional Estándar del Libro 8471768798
040 ## - FUENTE DE LA CATALOGACIÓN
Centro catalogador/agencia de origen DO-SdBNP
Lengua de catalogación spa
Centro/agencia transcriptor BNPHU
082 #4 - NÚMERO DE LA CLASIFICACIÓN DECIMAL DEWEY
Número de clasificación 813.54
Número de documento/Ítem N696c
Número de edición 22
100 1# - ENTRADA PRINCIPAL--NOMBRE DE PERSONA
Nombre de persona Niles, Douglas,
Fechas asociadas al nombre 1954-
9 (RLIN) 11515
240 10 - TÍTULO UNIFORME
Título uniforme Escape from Castle Quarras.
Lenguaje de la obra español.
245 13 - MENCIÓN DE TÍTULO
Título El castillo de Quarras :
Resto del título tú eres el héroe, Crea tu propio personaje, El resto depende de los dados y la suerte /
Mención de responsabilidad, etc. Niles Douglas ; traducción Marta Pérez.
260 ## - PUBLICACIÓN, DISTRIBUCIÓN, ETC.
Lugar de publicación, distribución, etc. Barcelona, España :
Nombre del editor, distribuidor, etc. Timun Más,
Fecha de publicación, distribución, etc. 1989.
300 ## - DESCRIPCIÓN FÍSICA
Extensión 188 p. :
Otras características físicas il. ;
Dimensiones 18 cm.
490 1# - MENCIÓN DE SERIE
Mención de serie Aventura Juego-2 de Dungeon & Dragons
Designación de volumen o secuencia 2
505 0# - NOTA DE CONTENIDO CON FORMATO
Nota de contenido con formato Tú eres el héroe--
Título Crea tu propio personaje --
-- El resto depende de los dados y la suerte.
650 #4 - PUNTO DE ACCESO ADICIONAL DE MATERIA--TÉRMINO DE MATERIA
Término de materia o nombre geográfico como elemento de entrada Novela estadounidense
9 (RLIN) 262
650 #4 - PUNTO DE ACCESO ADICIONAL DE MATERIA--TÉRMINO DE MATERIA
Término de materia o nombre geográfico como elemento de entrada Literatura estadounidense
9 (RLIN) 263
700 1# - PUNTO DE ACCESO ADICIONAL--NOMBRE DE PERSONA
Nombre de persona Marta Pérez,
Término indicativo de función/relación traductor
9 (RLIN) 11516
830 #0 - PUNTO DE ACCESO ADICIONAL DE SERIE-TÍTULO UNIFORME
Título uniforme Aventura Juego-2 de Dungeon & Dragons ;
9 (RLIN) 11517
Número de parte o sección de la obra 2
942 ## - ELEMENTOS DE PUNTO DE ACCESO ADICIONAL (KOHA)
Fuente del sistema de clasificación o colocación Dewey Decimal Classification
Tipo de ítem Koha Libro
Holdings
Estado de retiro Estado de pérdida Fuente del sistema de clasificación o colocación Restricciones de uso No para préstamo Código de colección Localización permanente Ubicación/localización actual Ubicación en estantería Fecha de adquisición Signatura topográfica completa Código de barras Fecha visto por última vez Precio válido a partir de Tipo de ítem Koha Número de copia
    Dewey Decimal Classification Excluido de préstamo   Patrimonio Dominicano Biblioteca Nacional Pedro Henríquez Ureña Biblioteca Nacional Pedro Henríquez Ureña Depósito 13.07.2009 BNPHU PD 813.54 N696c 3789-10 25.06.2020 25.06.2020 Libro  
    Dewey Decimal Classification Excluido de préstamo   Patrimonio Dominicano Biblioteca Nacional Pedro Henríquez Ureña Biblioteca Nacional Pedro Henríquez Ureña Extraviado 26.05.2017 BNPHU PD 813.54 N696c 3789-20 25.06.2020 25.06.2020 Libro e. 2

Powered by Koha